<?xml version="1.0" encoding="UTF-8"?>
<record
    xmlns:xsi="http://www.w3.org/2001/XMLSchema-instance"
    xsi:schemaLocation="http://www.loc.gov/MARC21/slim http://www.loc.gov/standards/marcxml/schema/MARC21slim.xsd"
    xmlns="http://www.loc.gov/MARC21/slim">

  <leader>00444nam a22001937a 4500</leader>
  <datafield tag="999" ind1=" " ind2=" ">
    <subfield code="c">11576</subfield>
    <subfield code="d">11576</subfield>
  </datafield>
  <controlfield tag="003">OSt</controlfield>
  <controlfield tag="008">221007b           ||||| |||| 00| 0 eng d</controlfield>
  <datafield tag="020" ind1=" " ind2=" ">
    <subfield code="a">9789390709205</subfield>
  </datafield>
  <datafield tag="082" ind1=" " ind2=" ">
    <subfield code="a">610 JRS</subfield>
  </datafield>
  <datafield tag="100" ind1=" " ind2=" ">
    <subfield code="a">JAIN,NK</subfield>
  </datafield>
  <datafield tag="245" ind1=" " ind2=" ">
    <subfield code="a">Social and Preventive Pharmacy</subfield>
  </datafield>
  <datafield tag="250" ind1=" " ind2=" ">
    <subfield code="a">1st</subfield>
  </datafield>
  <datafield tag="260" ind1=" " ind2=" ">
    <subfield code="a">New Delhi</subfield>
    <subfield code="b">CBS</subfield>
    <subfield code="c">2021</subfield>
  </datafield>
  <datafield tag="300" ind1=" " ind2=" ">
    <subfield code="a">324</subfield>
  </datafield>
  <datafield tag="650" ind1=" " ind2=" ">
    <subfield code="a">Social Pharmacy</subfield>
  </datafield>
  <datafield tag="700" ind1=" " ind2=" ">
    <subfield code="a">KHURANA,Shelly</subfield>
  </datafield>
  <datafield tag="700" ind1=" " ind2=" ">
    <subfield code="a">KHURANA,Puneet</subfield>
  </datafield>
  <datafield tag="942" ind1=" " ind2=" ">
    <subfield code="2">ddc</subfield>
    <subfield code="c">BK</subfield>
  </datafield>
  <datafield tag="952" ind1=" " ind2=" ">
    <subfield code="0">0</subfield>
    <subfield code="1">0</subfield>
    <subfield code="2">ddc</subfield>
    <subfield code="4">0</subfield>
    <subfield code="7">0</subfield>
    <subfield code="8">BP</subfield>
    <subfield code="a">PIET</subfield>
    <subfield code="b">PIET</subfield>
    <subfield code="d">2022-09-08</subfield>
    <subfield code="e">Kirti Praskshan</subfield>
    <subfield code="f">IN Rupees</subfield>
    <subfield code="g">375.00</subfield>
    <subfield code="k">IN948</subfield>
    <subfield code="l">0</subfield>
    <subfield code="o">610 JRS</subfield>
    <subfield code="p">BP1921</subfield>
    <subfield code="r">2022-10-07 00:00:00</subfield>
    <subfield code="v">243.75</subfield>
    <subfield code="w">2022-09-08</subfield>
    <subfield code="y">BK</subfield>
  </datafield>
  <datafield tag="952" ind1=" " ind2=" ">
    <subfield code="0">0</subfield>
    <subfield code="1">0</subfield>
    <subfield code="2">ddc</subfield>
    <subfield code="4">0</subfield>
    <subfield code="7">0</subfield>
    <subfield code="8">BP</subfield>
    <subfield code="a">PIET</subfield>
    <subfield code="b">PIET</subfield>
    <subfield code="d">2022-09-08</subfield>
    <subfield code="e">Kirti Praskshan</subfield>
    <subfield code="f">IN Rupees</subfield>
    <subfield code="g">375.00</subfield>
    <subfield code="k">IN948</subfield>
    <subfield code="l">2</subfield>
    <subfield code="o">610 JRS</subfield>
    <subfield code="p">BP1922</subfield>
    <subfield code="q">2026-12-22</subfield>
    <subfield code="r">2026-06-05 10:06:48</subfield>
    <subfield code="s">2026-06-05</subfield>
    <subfield code="v">243.75</subfield>
    <subfield code="w">2022-09-08</subfield>
    <subfield code="y">BK</subfield>
  </datafield>
  <datafield tag="952" ind1=" " ind2=" ">
    <subfield code="0">0</subfield>
    <subfield code="1">0</subfield>
    <subfield code="2">ddc</subfield>
    <subfield code="4">0</subfield>
    <subfield code="7">0</subfield>
    <subfield code="8">BP</subfield>
    <subfield code="a">PIET</subfield>
    <subfield code="b">PIET</subfield>
    <subfield code="d">2022-09-08</subfield>
    <subfield code="e">Kirti Praskshan</subfield>
    <subfield code="f">IN Rupees</subfield>
    <subfield code="g">375.00</subfield>
    <subfield code="k">IN948</subfield>
    <subfield code="l">1</subfield>
    <subfield code="o">610 JRS</subfield>
    <subfield code="p">BP1923</subfield>
    <subfield code="r">2025-08-27 00:00:00</subfield>
    <subfield code="s">2025-06-16</subfield>
    <subfield code="v">243.75</subfield>
    <subfield code="w">2022-09-08</subfield>
    <subfield code="y">BK</subfield>
  </datafield>
  <datafield tag="952" ind1=" " ind2=" ">
    <subfield code="0">0</subfield>
    <subfield code="1">0</subfield>
    <subfield code="2">ddc</subfield>
    <subfield code="4">0</subfield>
    <subfield code="7">0</subfield>
    <subfield code="8">BP</subfield>
    <subfield code="a">PIET</subfield>
    <subfield code="b">PIET</subfield>
    <subfield code="d">2022-09-08</subfield>
    <subfield code="e">Kirti Praskshan</subfield>
    <subfield code="f">IN Rupees</subfield>
    <subfield code="g">375.00</subfield>
    <subfield code="k">IN948</subfield>
    <subfield code="l">0</subfield>
    <subfield code="o">610 JRS</subfield>
    <subfield code="p">BP1924</subfield>
    <subfield code="r">2022-10-07 00:00:00</subfield>
    <subfield code="v">243.75</subfield>
    <subfield code="w">2022-09-08</subfield>
    <subfield code="y">BK</subfield>
  </datafield>
  <datafield tag="952" ind1=" " ind2=" ">
    <subfield code="0">0</subfield>
    <subfield code="1">0</subfield>
    <subfield code="2">ddc</subfield>
    <subfield code="4">0</subfield>
    <subfield code="7">0</subfield>
    <subfield code="8">BP</subfield>
    <subfield code="a">PIET</subfield>
    <subfield code="b">PIET</subfield>
    <subfield code="d">2022-09-08</subfield>
    <subfield code="e">Kirti Praskshan</subfield>
    <subfield code="f">IN Rupees</subfield>
    <subfield code="g">375.00</subfield>
    <subfield code="k">IN948</subfield>
    <subfield code="l">1</subfield>
    <subfield code="o">610 JRS</subfield>
    <subfield code="p">BP1925</subfield>
    <subfield code="r">2025-07-21 00:00:00</subfield>
    <subfield code="s">2025-07-10</subfield>
    <subfield code="v">243.75</subfield>
    <subfield code="w">2022-09-08</subfield>
    <subfield code="y">BK</subfield>
  </datafield>
  <datafield tag="952" ind1=" " ind2=" ">
    <subfield code="0">0</subfield>
    <subfield code="1">0</subfield>
    <subfield code="2">ddc</subfield>
    <subfield code="4">0</subfield>
    <subfield code="7">0</subfield>
    <subfield code="8">BP</subfield>
    <subfield code="a">PIET</subfield>
    <subfield code="b">PIET</subfield>
    <subfield code="d">2022-09-08</subfield>
    <subfield code="e">Kirti Praskshan</subfield>
    <subfield code="f">IN Rupees</subfield>
    <subfield code="g">375.00</subfield>
    <subfield code="k">IN948</subfield>
    <subfield code="l">1</subfield>
    <subfield code="o">610 JRS</subfield>
    <subfield code="p">BP1926</subfield>
    <subfield code="r">2024-08-17 00:00:00</subfield>
    <subfield code="s">2024-07-09</subfield>
    <subfield code="v">243.75</subfield>
    <subfield code="w">2022-09-08</subfield>
    <subfield code="y">BK</subfield>
  </datafield>
  <datafield tag="952" ind1=" " ind2=" ">
    <subfield code="0">0</subfield>
    <subfield code="1">0</subfield>
    <subfield code="2">ddc</subfield>
    <subfield code="4">0</subfield>
    <subfield code="7">0</subfield>
    <subfield code="8">BP</subfield>
    <subfield code="a">PIET</subfield>
    <subfield code="b">PIET</subfield>
    <subfield code="d">2022-09-08</subfield>
    <subfield code="e">Kirti Praskshan</subfield>
    <subfield code="f">IN Rupees</subfield>
    <subfield code="g">375.00</subfield>
    <subfield code="k">IN948</subfield>
    <subfield code="l">2</subfield>
    <subfield code="o">610 JRS</subfield>
    <subfield code="p">BP1927</subfield>
    <subfield code="r">2024-08-14 00:00:00</subfield>
    <subfield code="s">2024-07-30</subfield>
    <subfield code="v">243.75</subfield>
    <subfield code="w">2022-09-08</subfield>
    <subfield code="y">BK</subfield>
  </datafield>
  <datafield tag="952" ind1=" " ind2=" ">
    <subfield code="0">0</subfield>
    <subfield code="1">0</subfield>
    <subfield code="2">ddc</subfield>
    <subfield code="4">0</subfield>
    <subfield code="7">0</subfield>
    <subfield code="8">BP</subfield>
    <subfield code="a">PIET</subfield>
    <subfield code="b">PIET</subfield>
    <subfield code="d">2022-09-08</subfield>
    <subfield code="e">Kirti Praskshan</subfield>
    <subfield code="f">IN Rupees</subfield>
    <subfield code="g">375.00</subfield>
    <subfield code="k">IN948</subfield>
    <subfield code="l">1</subfield>
    <subfield code="o">610 JRS</subfield>
    <subfield code="p">BP1928</subfield>
    <subfield code="r">2024-07-15 00:00:00</subfield>
    <subfield code="s">2024-07-02</subfield>
    <subfield code="v">243.75</subfield>
    <subfield code="w">2022-09-08</subfield>
    <subfield code="y">BK</subfield>
  </datafield>
  <datafield tag="952" ind1=" " ind2=" ">
    <subfield code="0">0</subfield>
    <subfield code="1">0</subfield>
    <subfield code="2">ddc</subfield>
    <subfield code="4">0</subfield>
    <subfield code="7">0</subfield>
    <subfield code="8">BP</subfield>
    <subfield code="a">PIET</subfield>
    <subfield code="b">PIET</subfield>
    <subfield code="d">2022-09-08</subfield>
    <subfield code="e">Kirti Praskshan</subfield>
    <subfield code="f">IN Rupees</subfield>
    <subfield code="g">375.00</subfield>
    <subfield code="k">IN948</subfield>
    <subfield code="l">0</subfield>
    <subfield code="o">610 JRS</subfield>
    <subfield code="p">BP1929</subfield>
    <subfield code="r">2022-10-07 00:00:00</subfield>
    <subfield code="v">243.75</subfield>
    <subfield code="w">2022-09-08</subfield>
    <subfield code="y">BK</subfield>
  </datafield>
  <datafield tag="952" ind1=" " ind2=" ">
    <subfield code="0">0</subfield>
    <subfield code="1">0</subfield>
    <subfield code="2">ddc</subfield>
    <subfield code="4">0</subfield>
    <subfield code="7">0</subfield>
    <subfield code="8">BP</subfield>
    <subfield code="a">PIET</subfield>
    <subfield code="b">PIET</subfield>
    <subfield code="d">2022-09-08</subfield>
    <subfield code="e">Kirti Praskshan</subfield>
    <subfield code="f">IN Rupees</subfield>
    <subfield code="g">375.00</subfield>
    <subfield code="k">IN948</subfield>
    <subfield code="l">2</subfield>
    <subfield code="o">610 JRS</subfield>
    <subfield code="p">BP1930</subfield>
    <subfield code="r">2024-08-13 00:00:00</subfield>
    <subfield code="s">2024-07-29</subfield>
    <subfield code="v">243.75</subfield>
    <subfield code="w">2022-09-08</subfield>
    <subfield code="y">BK</subfield>
  </datafield>
</record>
